Statistics for Monster - Imagine Dragons

Click here to take the quiz!

General Stats

  • This quiz has been taken 126 times
  • The average score is 33 of 38

Answer Stats

HintAnswer% Correct
Ever since I could ______Remember
96%
Would you ____ your back on meTurn
96%
Everything _____ of meInside
95%
A _______, a _______Monster
95%
A _______, a _______Monster
95%
If I ____ you what I wasTold
95%
And if I seem _________Dangerous
94%
Would you be ______Scared
94%
And it keeps getting ________Stronger
94%
I get the _______ just becauseFeeling
93%
Do I have to run and ____ (oh, oh, oh)Hide
93%
I've ______ into a monsterTurned
93%
Just wanted to ___ in (oh, oh, oh)Fit
92%
Everything I ______ isn't dark enoughTouch
92%
Everything I _____ to beTried
92%
If I ____ you what I wasTold
91%
Would you ____ your back on meTurn
91%
I was never ___ for pretendersOne
89%
I never said that I ____ thisWant
89%
And if I seem _________Dangerous
88%
If I'm _________ from the restDifferent
88%
A _______, a _______Monster
88%
A _______, a _______Monster
88%
Would you be ______Scared
88%
And it keeps getting ________Stronger
88%
I'm taking a stand to _______ what's inside meEscape
87%
I get the _______ just becauseFeeling
87%
That this ________ lies in meProblem
87%
Just wouldn't ______ in (oh, oh, oh)Settle
87%
I've ______ into a monsterTurned
87%
Everything I ______ isn't dark enoughTouch
86%
I'm taking a stand to _______ what's inside meEscape
84%
That this ________ lies in meProblem
81%
And it's made its ____ inside (oh, oh, oh)Home
79%
Can I _____ my conscienceClear
75%
I'm only a man with a ______ to guide meCandle
72%
This ______ came to meBurden
70%
I'm only a man with a ______ to guide meCandle
69%

Score Distribution

Percentile by Number Answered

Percent of People with Each Score

Your Score History

You have not taken this quiz